000 00514nam a2200181Ia 4500
003 GCL
008 140319s9999 xx 000 0 ara d
040 _aGCL /
_cGCL
082 0 4 _a251
_bع ا
100 1 _aعبدالرزاق نوفل
245 1 0 _aالشهادة /
_cعبدالرزاق نوفل
260 _a[S.N] :
_bدار الشروق ،
_c1983
300 _a34 ص
490 _aاركان الاسلام
_v0
650 0 4 _aالشهادة
650 0 4 _aالشريعة الاسلامية
942 _2ddc
_cBK
999 _c55551
_d55551